| 000 | 00485nam a22001697a 4500 | ||
|---|---|---|---|
| 003 | OSt | ||
| 082 |
_a664 _bAKS/BI |
||
| 088 | _aP 506 | ||
| 100 |
_aAkshitha K Baby _94942 |
||
| 100 |
_aHyderali Shihabudheen U H _94943 |
||
| 100 |
_aNishana _94944 |
||
| 100 |
_aSaleekha Shamsudheen _94945 |
||
| 245 | _aBiodiesel production from waste cooking oil | ||
| 260 |
_aTavanur,KCAET _c2021 _bDepartment of processing and food engineering |
||
| 700 |
_aSreeja R (guide) _93233 |
||
| 942 | _cPR | ||
| 999 |
_c17395 _d17395 |
||